| Registos Bibliográficos associados ao registo de autoridade |
|
Etiqueta de registo: 00000nkm 2200025 450 001 2278947 003 http://id.bnportugal.gov.pt/bib/catbnp/2278947 100 ## $a20260310d1978 m y0pory01030103ba 101 0# $apor 102 ## $aPT 200 1# $a2º Aniversário Petrogal, abril, 78$bVisual gráfico]$fPetrogal 210 #9 $aLisboa$cPetrogal,$d1978 215 ## $a1 cartaz$ccolor.$d42,9x30 cm 317 ## $aColeção Madeira Luís 710 02 $aAniversário da Petrogal,$d2,$f1978$31993129 712 02 $aPetrogal$4557$313482 801 #0 $aPT$bBN$gRPC 966 ## $lBN$mICONOG$sCT. 16041 V.$x3 971 ## $cCaticonografia7$d20260310 972 ## $d20260417 $e1$vfpinelo$z0 995 ## $aPRR2026
|
|
|